|
|
|
|
| LEADER |
00000nab a2200000 a 4500 |
| 001 |
vtls010067153 |
| 003 |
SK-MaSNL |
| 005 |
20260304034420.0 |
| 008 |
140402|2005 xo u|me|||||||00 ||slo |
| 015 |
|
|
|a SNBRA2010/02
|
| 038 |
|
|
|a SNKBUCL
|
| 040 |
|
|
|a SNKBUCL
|b slo
|c SNKBUCL
|e AACR2
|
| 041 |
0 |
|
|a slo
|b eng
|
| 044 |
|
|
|a xo
|c SK
|
| 080 |
|
|
|a 78.01
|2 2001
|
| 080 |
|
|
|a 371.3:78
|2 2001
|
| 080 |
|
|
|a 37:2:78
|2 2001
|
| 100 |
1 |
|
|a Banáry, Boris,
|d 1948-
|4 aut
|9 229194
|
| 245 |
1 |
0 |
|a Špecifiká hudobnej výchovy na cirkevných školách
|c Boris Banáry
|
| 504 |
|
|
|a Bibliogr. odkazy
|
| 546 |
|
|
|a Res. angl.
|
| 611 |
2 |
7 |
|a Hudobná výchova včera a dnes
|d (2004 :
|c Nitra, Slovensko)
|2 snkbucl
|9 1270288
|
| 650 |
0 |
7 |
|a hudba
|2 snkbucl
|9 1063
|
| 650 |
0 |
7 |
|a vyučovanie hudobnej výchovy
|2 snkbucl
|9 1317207
|
| 650 |
0 |
7 |
|a hudobná výchova
|2 snkbucl
|9 1662
|
| 650 |
0 |
7 |
|a muzikológia
|2 snkbucl
|9 3175
|
| 650 |
0 |
7 |
|a cirkevné školy
|2 snkbucl
|9 4074
|
| 655 |
|
7 |
|a referáty
|2 snkbucl
|9 70611
|
| 655 |
|
7 |
|a zborníky
|2 snkbucl
|9 70165
|
| 773 |
0 |
|
|t ARS sonans 2005
|d Nitra : Katedra hudby Pedagogickej fakulty UKF, 2005
|g S. 67-70
|z 8080509190
|
| 852 |
|
|
|a SNK
|b KIS3GCP
|
| 958 |
|
|
|a SK
|
| 958 |
|
|
|a NB
|
| 999 |
|
|
|c 2652949
|d 2654879
|